000 00570nam a2200169Ia 4500
008 150121s9999 xx 000 0 und d
020 _a2244-1530
245 _aIAMURE :
_bInternational Journal of Literature, Philosophy and Religion /
_h[electronic resource]
260 _bInternational Association of Multidisciplinary Research,
_c2013.
516 _aElectronic text
650 _aHumanities.
650 _aLiterature.
650 _aPhilosophy.
830 _aPhilippine E-Journals
856 _uhttp://www.ejournals.ph/index.php?journal=IAMURE-LIT
942 _cEJ
999 _c277024
_d277024